000 01104cam a2200157 4500500
005 20260208010236.0
041 _afre
042 _adc
100 1 0 _aTerrenoire, Gwen
_eauthor
245 0 0 _aL’eugénisme en France avant 1939
260 _c2005.
500 _a65
520 _aEven though French eugenics did not result in laws to control immigration and authorize sterilization on biological criteria, research shows that eugenics were just as abundant in France as elsewhere during the first half of the 20th century. This paper proposes to draw on these sources to focus on three themes : first, the eugenics movement in France, its organization and action, second, eugenic ideas and proposals elaborated to counter the supposed degeneration of the French population, and finally the relationship between these ideas and professional practice in medicine, psychiatry and social hygiene.
786 0 _nRevue d’Histoire de la Shoah | 183 | 2 | 2005-10-19 | p. 49-67 | 2111-885X
856 4 1 _uhttps://shs.cairn.info/revue-d-histoire-de-la-shoah-2005-2-page-49?lang=fr&redirect-ssocas=7080
999 _c1655710
_d1655710